Microsoft SQL Server 2012 : (Record no. 71121)
[ view plain ]
| 000 -LEADER | |
|---|---|
| fixed length control field | 02765nam a22003617a 4500 |
| 005 - DATE AND TIME OF LATEST TRANSACTION | |
| control field | 20121026150434.0 |
| 008 - FIXED-LENGTH DATA ELEMENTS--GENERAL INFORMATION | |
| fixed length control field | 121026t xxu||||| |||| 00| 0 eng d |
| 010 ## - LCCN (DPL NO) | |
| LC control number | ENG-106138 |
| 020 ## - INTERNATIONAL STANDARD BOOK NUMBER | |
| International Standard Book Number | 9781259025860 |
| Terms of availability | 750.00 |
| 020 ## - INTERNATIONAL STANDARD BOOK NUMBER | |
| International Standard Book Number | 1259025861 |
| Terms of availability | 750.00 |
| 035 ## - SYSTEM CONTROL NUMBER | |
| System control number | EN-89671 |
| 037 ## - SOURCE OF ACQUISITION | |
| Source of stock number/acquisition | DBAD/PUB |
| 040 ## - CATALOGING SOURCE | |
| Original cataloging agency | DPL |
| Language of cataloging | Eng |
| 042 ## - AUTHENTICATION CODE | |
| Authentication code | pcc |
| 082 00 - DEWEY DECIMAL CLASSIFICATION NUMBER | |
| Classification number | 005.7585 |
| Edition number | 23 |
| 100 1# - MAIN ENTRY--PERSONAL NAME | |
| Personal name | Petković, Dušan |
| 9 (RLIN) | 53377 |
| 245 10 - TITLE STATEMENT | |
| Title | Microsoft SQL Server 2012 : |
| Remainder of title | a beginner's guide / |
| Statement of responsibility, etc | by Dušan Petković |
| 250 ## - EDITION STATEMENT | |
| Edition statement | 5th ed |
| 260 ## - PUBLICATION, DISTRIBUTION, ETC. (IMPRINT) | |
| Place of publication, distribution, etc | New Delhi |
| Name of publisher, distributor, etc | Tata McGraw Hill |
| Date of publication, distribution, etc | c2012 |
| 270 ## - ADDRESS | |
| Address | 7 West patel Nagar |
| City | New Delhi |
| Postal code | 110008 |
| 300 ## - PHYSICAL DESCRIPTION | |
| Extent | xxxvi, 795p. : |
| Other physical details | ill. |
| Dimensions | 24cm(pbk) |
| 500 ## - GENERAL NOTE | |
| General note | Includes index |
| 520 ## - SUMMARY, ETC. | |
| Summary, etc | "Essential Microsoft SQL Server 2012 Skills Made Easy. Get up and running on Microsoft SQL Server 2012 in no time with help from this thoroughly revised, practical resource. Filled with real-world examples and hands-on exercises, Microsoft SQL Server 2012: A Beginner's Guide, Fifth Edition starts by explaining fundamental relational database system concepts. Then, you'll learn how to write Transact-SQL statements, execute simple and complex database queries, handle system administration and security, and use the powerful analysis, business intelligence, and reporting tools. XML, spatial data, and full-text search are also covered in this step-by-step tutorial. Install, configure, and customize SQL Server 2012 Create and modify database objects with Transact-SQL statements Write stored procedures and user-defined functions Handle backup and recovery Automate administrative tasks Tune your database system for optimal performance, availability, and reliability Implement security measures using authentication, encryption, and authorization Work with SQL Server Analysis Services, SQL Server Reporting Services, and other business intelligence tools Store, display, and query XML documents Manage spatial data Query documents using MS Full-Text Search (FTS) "-- |
| 630 00 - SUBJECT ADDED ENTRY--UNIFORM TITLE | |
| Uniform title | SQL server. |
| 650 #0 - SUBJECT ADDED ENTRY--TOPICAL TERM | |
| Topical term or geographic name as entry element | Client/server computing. |
| 9 (RLIN) | 53379 |
| 650 #0 - SUBJECT ADDED ENTRY--TOPICAL TERM | |
| Topical term or geographic name as entry element | Relational databases. |
| 9 (RLIN) | 53380 |
| 856 42 - ELECTRONIC LOCATION AND ACCESS | |
| Materials specified | Contributor biographical information |
| Uniform Resource Identifier | <a href="http://www.loc.gov/catdir/enhancements/fy1212/2012007034-b.html">http://www.loc.gov/catdir/enhancements/fy1212/2012007034-b.html</a> |
| 856 42 - ELECTRONIC LOCATION AND ACCESS | |
| Materials specified | Publisher description |
| Uniform Resource Identifier | <a href="http://www.loc.gov/catdir/enhancements/fy1212/2012007034-d.html">http://www.loc.gov/catdir/enhancements/fy1212/2012007034-d.html</a> |
| 856 41 - ELECTRONIC LOCATION AND ACCESS | |
| Materials specified | Table of contents only |
| Uniform Resource Identifier | <a href="http://www.loc.gov/catdir/enhancements/fy1212/2012007034-t.html">http://www.loc.gov/catdir/enhancements/fy1212/2012007034-t.html</a> |
| 942 ## - ADDED ENTRY ELEMENTS (KOHA) | |
| Source of classification or shelving scheme | Dewey Decimal Classification |
| Item type | English Books |
| Classification part | 005.7585 |
| Call number suffix | PET |
| Withdrawn status | Lost status | Source of classification or shelving scheme | Damaged status | Not for loan | Collection code | Home library | Current library | Date acquired | Source of acquisition | Cost, normal purchase price | Total Checkouts | Full call number | Barcode | Date last seen | Copy number | Cost, replacement price | Koha item type |
|---|---|---|---|---|---|---|---|---|---|---|---|---|---|---|---|---|---|
| Dewey Decimal Classification | Not For Loan | Non-fiction | D.B.Act.Division | D.B.Act.Division | 26/10/2012 | DBAD/PUB | 750.00 | 005.7585 PET | EN-89671 | 26/10/2012 | 1 | 750.00 | English Books |
